000 00790nam a22002777a 4500
003 CHAP
005 20220329134603.0
008 971013s1968 r 00010 d
010 _a22616
011 _a23588
035 _a27684
040 _cCHAP
090 _aFolleto 1126
110 _aComisión de Fomento Minero. México
_925679
245 _aCarbón
260 _a(México) :
_bDepto. de Estudios Económicos,
_c1968
300 _a57 p.
590 _aBATCH-UPD
_b10
_c20130110
_lUCH01
_h1517
590 _aBATCH-UPD
_b10
_c20130410
_lUCH01
_h0931
590 _aBATCH-UPD
_b10
_c20130914
_lUCH01
_h0842
590 _aCONVERSION
_b10
_c20130109
_lUCH01
_h1313
650 1 4 _aCarbón.
_918836
901 _aBK
942 _cFOLL
949 _aFolleto 1126
_bBC
_cFOLL
_d-64133
_eTS1
_i27684
_si
999 _c22616
_d22616